Career theory and practice : (Record no. 20034)
[ view plain ]
| 000 -LEADER | |
|---|---|
| fixed length control field | 00544nam a22001817a 4500 |
| 008 - FIXED-LENGTH DATA ELEMENTS--GENERAL INFORMATION | |
| fixed length control field | 230307b |||||||| |||| 00| 0 eng d |
| 020 ## - INTERNATIONAL STANDARD BOOK NUMBER | |
| International Standard Book Number | 978-1544333663 |
| 050 ## - LIBRARY OF CONGRESS CALL NUMBER | |
| Classification number | HF5381 |
| Item number | .S93 2020 |
| 100 ## - MAIN ENTRY--PERSONAL NAME | |
| Personal name | Swanson, Jane L. |
| 245 ## - TITLE STATEMENT | |
| Title | Career theory and practice : |
| Remainder of title | Learning through case studies/ |
| Statement of responsibility, etc. | Jane L. Swanson & Nadya A. Fouad |
| 250 ## - EDITION STATEMENT | |
| Edition statement | 4th ed. |
| 260 ## - PUBLICATION, DISTRIBUTION, ETC. (IMPRINT) | |
| Place of publication, distribution, etc. | London |
| Name of publisher, distributor, etc. | Sage |
| Date of publication, distribution, etc. | 2020 |
| 300 ## - PHYSICAL DESCRIPTION | |
| Extent | xix, 291p. |
| 650 ## - SUBJECT ADDED ENTRY--TOPICAL TERM | |
| Topical term or geographic name as entry element | Career development |
| Form subdivision | Case studies |
| 650 ## - SUBJECT ADDED ENTRY--TOPICAL TERM | |
| Topical term or geographic name as entry element | Vocational guidance |
| 700 ## - ADDED ENTRY--PERSONAL NAME | |
| Personal name | Fouad, Nadya A. |
| 942 ## - ADDED ENTRY ELEMENTS (KOHA) | |
| Source of classification or shelving scheme | Library of Congress Classification |
| Koha item type | General Collection |
| Withdrawn status | Lost status | Source of classification or shelving scheme | Not for loan | Home library | Current library | Date acquired | Cost, normal purchase price | Inventory number | Total Checkouts | Full call number | Barcode | Date last seen | Copy number | Price effective from | Koha item type |
|---|---|---|---|---|---|---|---|---|---|---|---|---|---|---|---|
| Library of Congress Classification | Kabarak, Main Campus | Kabarak, Main Campus | 07/03/2023 | 9392.00 | 2109/2022 | HF5381 .S93 2020 C.1 | 34737 | 07/03/2023 | C.1 | 07/03/2023 | General Collection | ||||
| Library of Congress Classification | Kabarak, Main Campus | Kabarak, Main Campus | 07/03/2023 | 9392.00 | 0840/2022 | HF5381 .S93 2020 C.2 | 16/03/2023 | C.2 | 07/03/2023 | General Collection |